A Handbook of school personnel administration (Record no. 84632)
[ view plain ]
| 000 -LEADER | |
|---|---|
| fixed length control field | 00604nam a22002177a 4500 |
| 003 - CONTROL NUMBER IDENTIFIER | |
| control field | URS |
| 005 - DATE AND TIME OF LATEST TRANSACTION | |
| control field | 20250828100450.0 |
| 008 - FIXED-LENGTH DATA ELEMENTS--GENERAL INFORMATION | |
| fixed length control field | 160601b xxu||||| |||| 00| 0 eng d |
| 040 ## - CATALOGING SOURCE | |
| Transcribing agency | URS |
| 041 ## - LANGUAGE CODE | |
| Language code of text/sound track or separate title | eng |
| 050 00 - LIBRARY OF CONGRESS CALL NUMBER | |
| Classification number | LB2831.5 |
| Item number | .Y35 1979 |
| 100 1# - MAIN ENTRY--PERSONAL NAME | |
| Personal name | Yap, Benita Saplala |
| Relator term | author |
| 245 #2 - TITLE STATEMENT | |
| Title | A Handbook of school personnel administration |
| 264 ## - PRODUCTION, PUBLICATION, DISTRIBUTION, MANUFACTURE, AND COPYRIGHT NOTICE | |
| Place of production, publication, distribution, manufacture | Manila |
| Name of producer, publisher, distributor, manufacturer | Alemar |
| Date of production, publication, distribution, manufacture, or copyright notice | ©1979 |
| 300 ## - PHYSICAL DESCRIPTION | |
| Extent | 91 pages ; |
| Dimensions | 21 cm |
| 336 ## - CONTENT TYPE | |
| Source | rdacontent |
| Content type term | text |
| 337 ## - MEDIA TYPE | |
| Source | rdamedia |
| Media type term | unmediated |
| 338 ## - CARRIER TYPE | |
| Source | rdacarrier |
| Carrier type term | volume |
| 650 #0 - SUBJECT ADDED ENTRY--TOPICAL TERM | |
| Topical term or geographic name entry element | School Personnel Management -- Philippines |
| 9 (RLIN) | 6604 |
| 942 ## - ADDED ENTRY ELEMENTS (KOHA) | |
| Koha item type | Filipiniana |
| Source of classification or shelving scheme | Library of Congress Classification |
| Withdrawn status | Source of classification or shelving scheme | Damaged status | Not for loan | Collection code | Home library | Current library | Date acquired | Total Checkouts | Full call number | Barcode | Date last seen | Copy number | Price effective from | Koha item type |
|---|---|---|---|---|---|---|---|---|---|---|---|---|---|---|
| Library of Congress Classification | Non-fiction | Morong Graduate Library | Morong Graduate Library | 04/08/2025 | LB2831.5 .Y35 1979 | URSMOR-GL-110 | 04/08/2025 | 1 | 04/08/2025 | Filipiniana | ||||
| Library of Congress Classification | Non-fiction | Morong Graduate Library | Morong Graduate Library | 04/08/2025 | LB2831.5 .Y35 1979 | URSMOR-GL-111 | 04/08/2025 | 2 | 04/08/2025 | Filipiniana | ||||
| Library of Congress Classification | Non-fiction | Morong Graduate Library | Morong Graduate Library | 04/08/2025 | LB2831.5 .Y35 1979 | URSMOR-GL-112 | 04/08/2025 | 3 | 04/08/2025 | Filipiniana | ||||
| Library of Congress Classification | Non-fiction | Morong Graduate Library | Morong Graduate Library | 04/08/2025 | LB2831.5 .Y35 1979 | URSMOR-GL-113 | 04/08/2025 | 4 | 04/08/2025 | Filipiniana | ||||
| Library of Congress Classification | Non-fiction | Morong Graduate Library | Morong Graduate Library | 04/08/2025 | LB2831.5 .Y35 1979 | URSMOR-GL-114 | 04/08/2025 | 5 | 04/08/2025 | Filipiniana |